| 000 | 00000nas##2200000za#4500 |
| 001 | 9.513960 |
| 003 | CaOODSP |
| 005 | 20200331215742 |
| 007 | ta |
| 008 | 150406c2000||||xxc|| p #||||f| |0fre|d |
| 022 | |a1495-6497 |
| 040 | |aCaOODSP|bfre |
| 043 | |an-cn--- |
| 086 | 1 |aF1-27F |
| 110 | 1 |aCanada. |bMinistère des finances. |
| 245 | 10|aDépenses fiscales et évaluations |
| 260 | |aOttawa - Ontario : |bFinances Canada |
| 310 | |aAnnuel |
| 362 | 1 |a2000-- |
| 500 | |aFait suite à : Gouvernement du Canada, dépenses fiscales (1200-8583), 1994-1999. |
| 520 | 3 |aFournit des estimations et des projections à l’égard des dépenses fiscales définies de manière générale ainsi que des évaluations et des études descriptives sur des mesures fiscales particulières. |
| 563 | |aCouverture souple |
| 775 | 08|tTax expenditures and evaluations |w(CaOODSP)9.515638 |
| 776 | 0#|tDépenses fiscales et évaluations.|w(CaOODSP)9.502227 |